000 00314nam a2200133Ia 4500
005 20251222155138.0
008 251222s9999||||xx |||||||||||||| ||spa||
082 _aETI.42
100 _aCARREÑO.
245 0 _aManual de urbanidad y buenas maneras
250 _a1ra. ed.
264 _bPanamericana
942 _cLIB
999 _c39095
_d39095